State in society (Record no. 7829)
[ view plain ]
| 000 -LEADER | |
|---|---|
| fixed length control field | 00501nam a22001697a 4500 |
| 003 - CONTROL NUMBER IDENTIFIER | |
| control field | OSt |
| 005 - DATE AND TIME OF LATEST TRANSACTION | |
| control field | 20220317115000.0 |
| 008 - FIXED-LENGTH DATA ELEMENTS--GENERAL INFORMATION | |
| fixed length control field | 220317b ||||| |||| 00| 0 eng d |
| 040 ## - CATALOGING SOURCE | |
| Transcribing agency | DDC |
| 082 ## - DEWEY DECIMAL CLASSIFICATION NUMBER | |
| Classification number | 306.2 MIG 2001 |
| 100 ## - MAIN ENTRY--PERSONAL NAME | |
| Personal name | Migdal, Joel s |
| 9 (RLIN) | 15935 |
| 245 ## - TITLE STATEMENT | |
| Title | State in society |
| Remainder of title | : studying how states and societies transform and constitute ne another |
| 260 ## - PUBLICATION, DISTRIBUTION, ETC. (IMPRINT) | |
| Place of publication, distribution, etc. | Newyork |
| Name of publisher, distributor, etc. | : Cambridge university |
| Date of publication, distribution, etc. | , C 2001 |
| 300 ## - PHYSICAL DESCRIPTION | |
| Extent | xi, 291p. |
| Dimensions | ; 24 cm |
| 504 ## - BIBLIOGRAPHY, ETC. NOTE | |
| Bibliography, etc | Bibliography<br/>Index |
| 942 ## - ADDED ENTRY ELEMENTS (KOHA) | |
| Source of classification or shelving scheme | Dewey Decimal Classification |
| Koha item type | Book |
| Withdrawn status | Lost status | Source of classification or shelving scheme | Damaged status | Not for loan | Home library | Current library | Date acquired | Source of acquisition | Inventory number | Total Checkouts | Full call number | Barcode | Date last seen | Price effective from | Koha item type |
|---|---|---|---|---|---|---|---|---|---|---|---|---|---|---|---|
| Dewey Decimal Classification | Faculty of Interdisciplinary Studies Library | Faculty of Interdisciplinary Studies Library | 17/03/2022 | Purchase | 11/4193 | 306.2 MIG 2001 | 2022-0490 | 17/03/2022 | 17/03/2022 | Book | |||||
| Dewey Decimal Classification | Faculty of Interdisciplinary Studies Library | Faculty of Interdisciplinary Studies Library | 17/03/2022 | Purchase | 11/4276 | 306.2 MIG 2001 | 2022-0491 | 17/03/2022 | 17/03/2022 | Book | |||||
| Dewey Decimal Classification | Faculty of Interdisciplinary Studies Library | Faculty of Interdisciplinary Studies Library | 17/03/2022 | Purchase | 11/4194 | 306.2 MIG 2001 | 2022-0492 | 17/03/2022 | 17/03/2022 | Book | |||||
| Dewey Decimal Classification | Faculty of Interdisciplinary Studies Library | Faculty of Interdisciplinary Studies Library | 17/03/2022 | Purchase | 11/4191 | 306.2 MIG 2001 | 2022-0493 | 17/03/2022 | 17/03/2022 | Book | |||||
| Dewey Decimal Classification | Faculty of Interdisciplinary Studies Library | Faculty of Interdisciplinary Studies Library | 17/03/2022 | Purchase | 11/4192 | 306.2 MIG 2001 | 2022-0494 | 17/03/2022 | 17/03/2022 | Book |
